|
|
|
|
| LEADER |
00000nam a22000007a 4500 |
| 005 |
20190920222619.0 |
| 007 |
cr|||| |||| |
| 008 |
190920s2018 br |||||s|||| 00||0 por d |
| 020 |
|
|
|a 978-85-361-9910-8
|
| 035 |
|
|
|a 30312
|
| 040 |
|
|
|a vLex
|
| 090 |
|
|
|c 9626
|d 9626
|
| 100 |
1 |
|
|a Novaes Martinez, Wladimir
|
| 245 |
1 |
0 |
|a Aposentadoria especial do servidor
|h [Recurso electrn̤ico] /
|c Wladimir Novaes Martinez
|
| 256 |
|
|
|a Servicio en ln̕ea
|
| 260 |
|
|
|a San Pablo:
|b LTR,
|c 2018
|
| 300 |
|
|
|a 1 recurso electrn̤ico
|
| 500 |
|
|
|a Este ̌o primeiro livro publicado no Brasil sobre a aposentadoria especial do servidor. Uma visô completa de sua semelhanȧ com igual prestaȯ̂ do RGPS, de grande utilidade para os operadores do Direito Previdencir̀io, acrescida em razô da Sm︢ula Vinculante STF n. 33.
|
| 506 |
1 |
|
|a Disponible solo en los productos indicados
|d vLex Global
|d vLex Global (Academic Edition, excluding Law Schools)
|d vLex Global (U.S. Academic Edition, Law Schools)
|d vLex Global (U.S. Academic Edition, excluding Law Schools)
|d vLex Global (Academic Edition, Law Schools)
|
| 650 |
0 |
4 |
|a Derecho Laboral y Seguridad Social
|z Brasil
|
| 650 |
0 |
4 |
|a Seguridad Social
|z Brasil
|
| 740 |
0 |
|
|a vLex Libros (Servicio en ln̕ea)
|
| 856 |
4 |
0 |
|u http://vlex.com/source/aposentadoria-especial-do-servidor-30312
|z Acceso restringido
|
| 942 |
|
|
|c BOOK
|
| 999 |
0 |
|
|a Labor Law and Social Security
|
| 999 |
0 |
|
|a Social Security
|